000 01958nam a22002897a 4500
001 6970
003 FISKH
005 20250612111518.0
008 250612b cb ||||| |||| 00| 0 eng d
020 _a9781338060522
040 _aFISKH
_beng
_cFISKH
_dFISKH
050 _aPS3561.I4873 .H544
082 _a813.6
100 _aHiggins, M.G.
245 _aFish boy /
_cBy M. G. Higgins
260 _aNew York :
_bScholastic ,
_c2015.
300 _a68 pages :
_billustrations ;
_c20 cm .
490 _aRed Rhino Books
505 _aD
520 _aThemes: Courage, Family Bonds, Fiction, Tween, Emergent Reader, Chapter Book, Hi-Lo, Hi-Lo Books, Hi-Lo Solutions, High-Low Books, Hi-Low Books, ELL, EL, ESL, Struggling Learner, Struggling Reader, Special Education, SPED, Newcomers, Reading, Learning, Education, Educational, Educational Books. Danny's family is full of superheroes. His mom is Stunner. His dad, Raven. And his sister, Marta, Vanish. Each has their own gift. Danny is Fish Boy. But in landlocked Arizona, there is not a lot of need for a superhero with amazing water talents. Then Danny overhears a secret plot that will endanger thousands of people. Will anyone believe his story? This series of short novels was designed to engage a broad spectrum of struggling readers. No longer will upper-elementary students have to read material junior to their maturity and interests. Characters are age appropriate and come from diverse cultures and backgrounds. Science ficion, sports, paranormal, realistic life, historical fiction, and fantasy are just a few of the many genres. Books are no higher than a 1.5 reading level, with illustrations on every spread that support visual literacy and draw kids into the text. Each book is around 70 pages.
521 8 _a160
_bLexile
521 8 _aD
_bRaz-Plus
650 _aRed Rhino Set
_vFiction
650 _aFrom goodreads
_vFiction
942 _2ddc
_cBK
_n0
999 _c6970
_d6970